[Event "Welsh Chess Championship 2016"]
[Site "Cardiff"]
[Date "2016.03.26"]
[Round "4.7"]
[White "Van Kemenade, Rudy"]
[Black "Pleasants, Allan J"]
[Result "1/2-1/2"]
[WhiteElo "1968"]
[BlackElo "2072"]
[PlyCount "75"]
[EventDate "2016.03.25"]
[EventType "swiss"]
[EventRounds "7"]
[EventCountry "WLS"]

1. e4 c5 2. Nf3 a6 3. d3 Nc6 4. g3 g6 5. Bg2 Bg7 6. c3 d6 7. O-O Nf6 8. Re1 O-O
9. h3 e5 10. d4 b6 11. Bg5 h6 12. Bxf6 Qxf6 13. dxc5 dxc5 14. Na3 Rd8 15. Qe2
b5 16. Nc2 Bb7 17. a4 c4 18. axb5 axb5 19. Rxa8 Bxa8 20. Na3 Na7 21. Nh2 Qd6
22. Ng4 Qd2 23. Ne3 Bf8 24. Nb1 Qxe2 25. Rxe2 Nc8 26. Nd5 Bxd5 27. exd5 Bg7 28.
Na3 Nd6 29. Nc2 f5 30. Nb4 e4 31. f3 exf3 32. Bxf3 Kf7 33. Re6 Bf6 34. Kg2 Rd7
35. Nc6 Ne8 36. Nb4 Be7 37. Nc6 Bf6 38. Nb4 1/2-1/2

[Event "Welsh Chess Championship 2016"]
[Site "Cardiff"]
[Date "2016.03.26"]
[Round "4.8"]
[White "Young, Alan"]
[Black "Guy, David"]
[Result "1-0"]
[WhiteElo "2072"]
[BlackElo "1882"]
[PlyCount "63"]
[EventDate "2016.03.25"]
[EventType "swiss"]
[EventRounds "7"]
[EventCountry "WLS"]

1. e4 e5 2. Nf3 Nc6 3. d4 exd4 4. Bc4 Nf6 5. e5 d5 6. Bb5 Ne4 7. Nxd4 Bd7 8.
Bxc6 bxc6 9. O-O Be7 10. f3 Nc5 11. f4 O-O 12. Nc3 a5 13. f5 Kh8 14. Be3 Nb7
15. Nde2 Rb8 16. f6 gxf6 17. exf6 Bc5 18. Qd2 Qe8 19. Bxc5 Nxc5 20. Rae1 Ne6
21. Nd4 Rg8 22. Nf5 Qf8 23. Ne7 Rg4 24. Rf3 Rxb2 25. h3 Rc4 26. Rg3 h6 27. Rg8+
Qxg8 28. Nxg8 Kxg8 29. Qxh6 Rxc3 30. Rxe6 Rg3 31. Re5 Be6 32. Rh5 1-0

[Event "Welsh Chess Championship 2016"]
[Site "Cardiff"]
[Date "2016.03.26"]
[Round "4.10"]
[White "Thomas, James"]
[Black "Davis, Lee"]
[Result "1/2-1/2"]
[WhiteElo "1911"]
[BlackElo "1977"]
[PlyCount "62"]
[EventDate "2016.03.25"]
[EventType "swiss"]
[EventRounds "7"]
[EventCountry "WLS"]

1. e4 g6 2. d4 d6 3. Nc3 Bg7 4. Bg5 Nf6 5. Qd2 h6 6. Bh4 g5 7. Bg3 Nh5 8. Be2
Nxg3 9. hxg3 Nc6 10. d5 Nd4 11. Bh5 c6 12. Nf3 Nxf3+ 13. gxf3 Qa5 14. O-O-O
cxd5 15. Qxd5 Bxc3 16. Bxf7+ Kf8 17. bxc3 Qxc3 18. Bh5 Qf6 19. e5 dxe5 20. Rhe1
Be6 21. Qxe5 Bxa2 22. Qxf6+ exf6 23. Rd6 Rh7 24. Rxf6+ Kg8 25. Bg4 Rf8 26. Rg6+
Kh8 27. Kb2 Bf7 28. Rd6 h5 29. Bf5 Rg7 30. Rf6 Kg8 31. Rd6 Bc4 1/2-1/2

[Event "Welsh Chess Championship 2016"]
[Site "Cardiff"]
[Date "2016.03.26"]
[Round "4.11"]
[White "Van Kemenade, Julie"]
[Black "Fathallah, Joe"]
[Result "1/2-1/2"]
[WhiteElo "1728"]
[BlackElo "1969"]
[PlyCount "94"]
[EventDate "2016.03.25"]
[EventType "swiss"]
[EventRounds "7"]
[EventCountry "WLS"]

1. e4 e6 2. d3 d5 3. Qe2 Nf6 4. Nf3 Be7 5. g3 O-O 6. Bg2 c5 7. O-O Nc6 8. e5
Nd7 9. c4 f6 10. exf6 Nxf6 11. Bf4 Bd6 12. Bxd6 Qxd6 13. Nc3 a6 14. Rad1 Nd4
15. Qd2 Nxf3+ 16. Bxf3 d4 17. Ne4 Nxe4 18. Bxe4 e5 19. Rde1 Rb8 20. Qe2 Bh3 21.
Bg2 Bf5 22. Be4 b5 23. b3 bxc4 24. bxc4 Qb6 25. Rb1 Qxb1 26. Rxb1 Rxb1+ 27. Kg2
Bxe4+ 28. Qxe4 Rb2 29. Qd5+ Kh8 30. Kh3 Rxa2 31. Qxe5 Raxf2 32. Qxc5 Ra8 33.
Qc6 Rff8 34. Qa4 a5 35. Kg2 Rfb8 36. Kf3 Re8 37. Kf2 Re3 38. c5 Rf8+ 39. Kg2
Rxd3 40. Qxa5 Rc3 41. Qb4 Rc2+ 42. Kh3 d3 43. Qe4 Rxc5 44. Qxd3 h6 45. Qd6 Rff5
46. Qd8+ Kh7 47. Qd3 Kg8 1/2-1/2

[Event "Welsh Chess Championship 2016"]
[Site "Cardiff"]
[Date "2016.03.26"]
[Round "4.12"]
[White "Waterfield, John W"]
[Black "Bevan, Peter M"]
[Result "1/2-1/2"]
[WhiteElo "1912"]
[BlackElo "1999"]
[PlyCount "95"]
[EventDate "2016.03.25"]
[EventType "swiss"]
[EventRounds "7"]
[EventCountry "WLS"]

1. e4 c5 2. c3 d5 3. exd5 Nf6 4. d4 cxd4 5. cxd4 Nxd5 6. Nf3 e6 7. a3 Be7 8.
Bd3 Nc6 9. Nc3 Bf6 10. O-O Nxc3 11. bxc3 O-O 12. Qe2 Qa5 13. c4 Qh5 14. Be3 b6
15. Rad1 Bb7 16. d5 exd5 17. cxd5 Ne7 18. d6 Nf5 19. Nd4 Qxe2 20. Bxe2 Nxd6 21.
Bf3 Bxf3 22. Nxf3 Nc4 23. a4 Nxe3 24. fxe3 Rfe8 25. Kf2 Re4 26. Rd7 Rxa4 27.
Rc1 Ra2+ 28. Kg3 Re2 29. Rcc7 a5 30. Rxf7 Rxe3 31. Ra7 Rxa7 32. Rxa7 h6 33. Kf4
Re2 34. g4 Ra2 35. h4 Rf2 36. Ke3 Rb2 37. g5 hxg5 38. hxg5 Rb3+ 39. Ke4 Rxf3
40. Kxf3 Bxg5 41. Ra6 Kf7 42. Rxb6 Bf6 43. Ra6 Bc3 44. Ke4 g6 45. Rc6 Bb4 46.
Ra6 Kg7 47. Kf3 Kh6 48. Kg4 1/2-1/2

[Event "Welsh Chess Championship 2016"]
[Site "Cardiff"]
[Date "2016.03.26"]
[Round "4.14"]
[White "Evans, Nicholas Thomas"]
[Black "Shakespeare, John"]
[Result "1/2-1/2"]
[WhiteElo "1876"]
[BlackElo "1948"]
[PlyCount "50"]
[EventDate "2016.03.25"]
[EventType "swiss"]
[EventRounds "7"]
[EventCountry "WLS"]

1. Nf3 Nf6 2. c4 e6 3. d4 b6 4. e3 Bb7 5. Bd3 Bb4+ 6. Nbd2 O-O 7. O-O a5 8. Qc2
d5 9. b3 h6 10. Bb2 Nbd7 11. e4 c5 12. e5 Ne8 13. cxd5 exd5 14. a3 Bxd2 15.
Qxd2 Nc7 16. Bc2 Ne6 17. Rfd1 Qe7 18. Qd3 g6 19. Qd2 Kg7 20. Ne1 Qg5 21. Qxg5
hxg5 22. h3 Rh8 23. Nf3 Rh5 24. Re1 Rah8 25. Nh2 Rc8 1/2-1/2

[Event "Welsh Chess Championship 2016"]
[Site "Cardiff"]
[Date "2016.03.26"]
[Round "4.15"]
[White "Turner, Joseph David"]
[Black "Robinson, David"]
[Result "0-1"]
[WhiteElo "1894"]
[BlackElo "1903"]
[PlyCount "74"]
[EventDate "2016.03.25"]
[EventType "swiss"]
[EventRounds "7"]
[EventCountry "WLS"]

1. e4 d5 2. exd5 Qxd5 3. d4 Nf6 4. c4 Qd8 5. Nc3 c6 6. h3 Bf5 7. g4 Bg6 8. f4
e6 9. Qe2 Be7 10. Nf3 Na6 11. a3 Nc7 12. Bg2 O-O 13. Ne5 Nd7 14. Nxg6 hxg6 15.
g5 c5 16. Be3 cxd4 17. Bxd4 e5 18. fxe5 Bxg5 19. O-O Ne6 20. Be3 Bxe3+ 21. Qxe3
Qc7 22. Nd5 Qxe5 23. Ne7+ Kh8 24. Qxe5 Nxe5 25. Bxb7 Rae8 26. Nc6 Nxc4 27. Ba6
Ne3 28. Rf3 Nf5 29. b4 Ng5 30. Rc3 Ne4 31. Rb3 Re6 32. Bb7 Neg3 33. Na5 Ne2+
34. Kf2 Nfd4 35. Rd3 Rf6+ 36. Bf3 Rc8 37. Rad1 Rc2 0-1

[Event "Welsh Chess Championship 2016"]
[Site "Cardiff"]
[Date "2016.03.26"]
[Round "4.16"]
[White "Camp, Syringa Lyn"]
[Black "Kelly, Paul J"]
[Result "1-0"]
[WhiteElo "1681"]
[BlackElo "1857"]
[PlyCount "47"]
[EventDate "2016.03.25"]
[EventType "swiss"]
[EventRounds "7"]
[EventCountry "WLS"]

1. e4 e6 2. d4 d5 3. Nc3 Bb4 4. e5 c5 5. Nf3 cxd4 6. Qxd4 Nc6 7. Bb5 Qa5 8.
Bxc6+ bxc6 9. Bd2 Ba6 10. a3 c5 11. Qg4 Ne7 12. Na2 Bxd2+ 13. Nxd2 Rb8 14. Rb1
Nf5 15. Nc3 d4 16. Nce4 Qc7 17. Nd6+ Nxd6 18. Qxg7 Kd7 19. exd6 Kxd6 20. Qg3+
e5 21. Ne4+ Ke7 22. Qg5+ Ke8 23. Nf6+ Kf8 24. Qh6+ 1-0

[Event "Welsh Chess Championship 2016"]
[Site "Cardiff"]
[Date "2016.03.27"]
[Round "5.1"]
[White "Zeidler, Sven P."]
[Black "Kett, Tim"]
[Result "0-1"]
[WhiteElo "2190"]
[BlackElo "2180"]
[PlyCount "88"]
[EventDate "2016.03.25"]
[EventType "swiss"]
[EventRounds "7"]
[EventCountry "WLS"]

1. e4 c5 2. f4 d5 3. exd5 Nf6 4. Bb5+ Nbd7 5. c4 a6 6. Bxd7+ Qxd7 7. Nf3 e6 8.
Ne5 Qc7 9. Nc3 Bd6 10. O-O Bxe5 11. fxe5 Qxe5 12. d4 Qxd4+ 13. Qxd4 cxd4 14.
Na4 Nd7 15. dxe6 fxe6 16. c5 b5 17. cxb6 Bb7 18. Bf4 O-O 19. Rac1 Rac8 20. Rc7
Rxc7 21. Bxc7 Rxf1+ 22. Kxf1 Kf7 23. b3 e5 24. Nb2 Ke6 25. Nc4 d3 26. b4 Kd5
27. Na5 Ba8 28. b7 Bxb7 29. Nxb7 Kc6 30. Bxe5 Nxe5 31. Nc5 a5 32. a3 axb4 33.
axb4 Kb5 34. Ne4 Kxb4 35. Ke1 Kc4 36. Kd2 Kd4 37. Nf2 Nc4+ 38. Kd1 Ne3+ 39. Kd2
Nf1+ 40. Ke1 Nxh2 41. Nd1 Ng4 42. Kd2 Ne5 43. Nf2 h5 44. Nd1 Nc4+ 0-1

[Event "Welsh Chess Championship 2016"]
[Site "Cardiff"]
[Date "2016.03.27"]
[Round "5.2"]
[White "Bullen, Alex"]
[Black "Brown, Thomas"]
[Result "0-1"]
[WhiteElo "2018"]
[BlackElo "2093"]
[PlyCount "106"]
[EventDate "2016.03.25"]
[EventType "swiss"]
[EventRounds "7"]
[EventCountry "WLS"]

1. e4 c5 2. Nf3 d6 3. d4 cxd4 4. Nxd4 Nf6 5. Nc3 g6 6. g3 Nc6 7. Bg2 Nxd4 8.
Qxd4 Bg7 9. O-O O-O 10. h3 Be6 11. Qd1 b5 12. Re1 Rc8 13. Nxb5 Qd7 14. a4 Bxh3
15. Ra3 Bxg2 16. Kxg2 Rc5 17. e5 Qb7+ 18. Kg1 dxe5 19. Be3 Rd5 20. Qe2 a5 21.
c4 Rdd8 22. Rc1 Nd7 23. c5 Nb8 24. Qc4 Nc6 25. Rb3 Qc8 26. Nc3 Nd4 27. Rb6 Qg4
28. Bxd4 Rxd4 29. Qb5 e4 30. Qe2 Qg5 31. Re1 Qxc5 32. Rb5 Qc4 33. Qxc4 Rxc4 34.
Rxe4 Rxe4 35. Nxe4 Rc8 36. Rxa5 Bxb2 37. Rb5 Rc4 38. Rxb2 Rxe4 39. Rb8+ Kg7 40.
a5 Ra4 41. Ra8 h5 42. a6 h4 43. gxh4 Rxh4 44. a7 Ra4 45. Kg2 Kf6 46. Kg3 e5 47.
Kf3 Kf5 48. Kg3 Ra3+ 49. Kg2 Kf4 50. Kh2 e4 51. Kg2 Ra2 52. Kf1 Kf3 53. Kg1
Ra1+ 0-1

[Event "Welsh Chess Championship 2016"]
[Site "Cardiff"]
[Date "2016.03.27"]
[Round "5.3"]
[White "Ralphs, Nigel"]
[Black "Sands, David A"]
[Result "1/2-1/2"]
[WhiteElo "2020"]
[BlackElo "2142"]
[PlyCount "41"]
[EventDate "2016.03.25"]
[EventType "swiss"]
[EventRounds "7"]
[EventCountry "WLS"]

1. e4 c5 2. Nf3 e6 3. d4 cxd4 4. Nxd4 a6 5. Bd3 Nf6 6. O-O Qc7 7. Qe2 d6 8. c4
g6 9. Nc3 Bg7 10. Be3 O-O 11. Rac1 Nbd7 12. Rfd1 Ne5 13. f3 b6 14. b3 Rb8 15.
Qf2 Re8 16. Bf1 Bb7 17. Qd2 Ba8 18. b4 Red8 19. Nb3 Bf8 20. Kh1 Be7 21. Qb2
1/2-1/2

[Event "Welsh Chess Championship 2016"]
[Site "Cardiff"]
[Date "2016.03.27"]
[Round "5.4"]
[White "Jameson, David"]
[Black "Young, Alan"]
[Result "1-0"]
[WhiteElo "2103"]
[BlackElo "2072"]
[PlyCount "113"]
[EventDate "2016.03.25"]
[EventType "swiss"]
[EventRounds "7"]
[EventCountry "WLS"]

1. d4 d5 2. Nf3 Nf6 3. c4 dxc4 4. e3 Bg4 5. Bxc4 e6 6. Qb3 Bxf3 7. gxf3 c5 8.
Qxb7 Nbd7 9. Nc3 cxd4 10. exd4 Bd6 11. Qa6 Qb6 12. Qxb6 Nxb6 13. Bb5+ Ke7 14.
Ne4 Bb4+ 15. Ke2 Nbd5 16. Rg1 Nh5 17. Bg5+ f6 18. Be3 g5 19. Rgc1 Rab8 20. Bc4
Nhf4+ 21. Kd1 Rhg8 22. Rc2 g4 23. Bxd5 Nxd5 24. Ke2 f5 25. Nc3 Bxc3 26. bxc3 f4
27. Bd2 g3 28. hxg3 fxg3 29. fxg3 Rxg3 30. c4 Nf6 31. Bf4 Rg2+ 32. Kd3 Rb2 33.
Rxb2 Rxb2 34. Bd2 h5 35. Kc3 Rb8 36. Rg1 Kf7 37. Bf4 Rc8 38. Be5 h4 39. Rh1 Rh8
40. Kd3 Rh5 41. Rh3 Nh7 42. f4 Nf6 43. Bxf6 Kxf6 44. Ke4 Ra5 45. Rxh4 Rxa2 46.
Rh6+ Ke7 47. f5 exf5+ 48. Kxf5 a5 49. Ke5 a4 50. Rh7+ Ke8 51. Ra7 a3 52. Kd6
Rd2 53. d5 a2 54. c5 Rh2 55. Ra8+ Kf7 56. c6 Rc2 57. c7 1-0

[Event "Welsh Chess Championship 2016"]
[Site "Cardiff"]
[Date "2016.03.27"]
[Round "5.5"]
[White "Saunders., Walter N. R"]
[Black "Ehsandar, Peter"]
[Result "1-0"]
[WhiteElo "2054"]
[BlackElo "1911"]
[PlyCount "25"]
[EventDate "2016.03.25"]
[EventType "swiss"]
[EventRounds "7"]
[EventCountry "WLS"]

1. Nf3 Nf6 2. g3 c5 3. c4 Nc6 4. Bg2 g6 5. O-O Bg7 6. d4 cxd4 7. Nxd4 Qb6 8.
Nc2 O-O 9. Nc3 e6 10. e4 h5 11. Rb1 Ng4 12. Na4 a6 13. Nxb6 1-0

[Event "Welsh Chess Championship 2016"]
[Site "Cardiff"]
[Date "2016.03.27"]
[Round "5.6"]
[White "Rodriguez, Juan Talavera"]
[Black "Taylor, Robert Graham"]
[Result "1-0"]
[WhiteElo "1983"]
[BlackElo "1980"]
[PlyCount "121"]
[EventDate "2016.03.25"]
[EventType "swiss"]
[EventRounds "7"]
[EventCountry "WLS"]

1. e4 c5 2. Nc3 Nc6 3. g3 g6 4. Bg2 Bg7 5. d3 d6 6. f4 Nf6 7. Nf3 O-O 8. O-O
Bd7 9. h3 Rb8 10. Be3 b5 11. Qd2 b4 12. Ne2 Ne8 13. c3 Qb6 14. c4 Nd4 15. Nfxd4
cxd4 16. Bf2 Bc6 17. g4 e5 18. f5 f6 19. h4 Qb7 20. Ng3 Qc8 21. Bh3 Bd7 22. Kh2
Nc7 23. Rg1 Qd8 24. g5 Kf7 25. Raf1 Ke8 26. Be1 Qe7 27. Rg2 Kd8 28. Qc1 Na6 29.
Bd2 Nc5 30. Rf3 Be8 31. Qf1 Kc7 32. Rgf2 Bd7 33. fxg6 Bxh3 34. Kxh3 Qe6+ 35.
Kg2 hxg6 36. gxf6 Bh8 37. f7 Qg4 38. Bh6 Ne6 39. Qh1 Bg7 40. Bxg7 Nxg7 41. Qh3
Qxh3+ 42. Kxh3 Ne6 43. Ne2 Rh8 44. Kg4 Rbf8 45. Rf6 Nc5 46. Nc1 Rh6 47. Kg5
Rh5+ 48. Kxg6 Rxh4 49. Kg7 Nd7 50. Rg2 Rhh8 51. Re6 Rh1 52. Re7 Rhh8 53. Nb3
Kd8 54. Re6 Kc7 55. Rgg6 Rb8 56. Rxd6 Nf8 57. Rc6+ Kb7 58. Nc5+ Ka8 59. Rh6
Rxh6 60. Kxh6 Rd8 61. Ne6 1-0

[Event "Welsh Chess Championship 2016"]
[Site "Cardiff"]
[Date "2016.03.27"]
[Round "5.7"]
[White "Pleasants, Allan J"]
[Black "Van Kemenade, Julie"]
[Result "1-0"]
[WhiteElo "2072"]
[BlackElo "1728"]
[PlyCount "61"]
[EventDate "2016.03.25"]
[EventType "swiss"]
[EventRounds "7"]
[EventCountry "WLS"]

1. e4 d6 2. d4 Nf6 3. Nc3 c6 4. Nf3 Qc7 5. a4 e5 6. h3 h6 7. Be2 Be7 8. O-O
Nbd7 9. Be3 Rg8 10. Nh2 g5 11. Ng4 Nxg4 12. Bxg4 Nf6 13. Bxc8 Qxc8 14. g4 a6
15. f3 Bd8 16. Ne2 h5 17. Ng3 hxg4 18. fxg4 Qe6 19. Qf3 Rg6 20. dxe5 dxe5 21.
Nf5 Be7 22. Rad1 Kf8 23. Nxe7 Kxe7 24. Bc5+ Ke8 25. Rd6 Qc4 26. b4 Nxe4 27.
Rxg6 Nd2 28. Rg8+ Kd7 29. Qxf7+ Qxf7 30. Rxf7+ Ke6 31. Re7+ 1-0

[Event "Welsh Chess Championship 2016"]
[Site "Cardiff"]
[Date "2016.03.27"]
[Round "5.8"]
[White "Fathallah, Joe"]
[Black "Heaven, Peter"]
[Result "1/2-1/2"]
[WhiteElo "1969"]
[BlackElo "2033"]
[PlyCount "63"]
[EventDate "2016.03.25"]
[EventType "swiss"]
[EventRounds "7"]
[EventCountry "WLS"]

1. d4 Nf6 2. c4 e6 3. Nc3 Bb4 4. Qc2 O-O 5. Bg5 h6 6. Bh4 c5 7. e3 cxd4 8. exd4
Nc6 9. Rd1 d5 10. Nf3 g5 11. Bg3 Ne4 12. Bd3 f5 13. Be5 g4 14. Nd2 Nxe5 15.
dxe5 Qh4 16. g3 Qh5 17. Bxe4 fxe4 18. cxd5 e3 19. fxe3 Bd7 20. Qe4 Bxc3 21.
bxc3 Rae8 22. Rf1 Rxf1+ 23. Nxf1 exd5 24. Qxd5+ Be6 25. Qa5 b6 26. Qa4 Qf7 27.
Qf4 Qc7 28. Qxh6 Qxc3+ 29. Nd2 Qxe5 30. Qg6+ Kf8 31. Qh6+ Kg8 32. Qg6+ 1/2-1/2

[Event "Welsh Chess Championship 2016"]
[Site "Cardiff"]
[Date "2016.03.27"]
[Round "5.9"]
[White "Thomas, Ben"]
[Black "Thomas, James"]
[Result "1/2-1/2"]
[WhiteElo "1983"]
[BlackElo "1911"]
[PlyCount "48"]
[EventDate "2016.03.25"]
[EventType "swiss"]
[EventRounds "7"]
[EventCountry "WLS"]

1. e4 e6 2. d4 d5 3. exd5 exd5 4. c4 Nf6 5. Nc3 Bb4 6. Nf3 O-O 7. Be2 dxc4 8.
Bg5 Re8 9. O-O Bxc3 10. bxc3 h6 11. Bxf6 Qxf6 12. Ne5 Nd7 13. Nxc4 Nb6 14. Ne3
Bd7 15. c4 Ba4 16. Qd2 Rad8 17. d5 c6 18. Qa5 cxd5 19. cxd5 Qb2 20. Rfe1 Nxd5
21. Nxd5 b6 22. Qxa4 Rxe2 23. Qg4 Rxe1+ 24. Rxe1 Rxd5 1/2-1/2

[Event "Welsh Chess Championship 2016"]
[Site "Cardiff"]
[Date "2016.03.27"]
[Round "5.10"]
[White "Davis, Lee"]
[Black "Van Kemenade, Rudy"]
[Result "1/2-1/2"]
[WhiteElo "1977"]
[BlackElo "1968"]
[PlyCount "80"]
[EventDate "2016.03.25"]
[EventType "swiss"]
[EventRounds "7"]
[EventCountry "WLS"]

1. d4 d6 2. Nf3 f5 3. g3 Nf6 4. Bg2 g6 5. O-O Bg7 6. c4 O-O 7. Nc3 Qe8 8. d5
Na6 9. Nd4 Bd7 10. Rb1 c6 11. b3 Nc7 12. Bb2 c5 13. Nf3 b5 14. cxb5 Nxb5 15.
Nxb5 Bxb5 16. Ng5 Bd7 17. e4 h6 18. Ne6 Bxe6 19. dxe6 Nxe4 20. Bxg7 Kxg7 21.
Bxe4 fxe4 22. Qd5 Rf5 23. Qxe4 Re5 24. Qc4 Rb8 25. Rbe1 Qb5 26. Qc3 Qb4 27.
Qxb4 Rxb4 28. Rxe5 dxe5 29. Rd1 c4 30. Rd7 Kf6 31. Rxa7 cxb3 32. axb3 Rxb3 33.
Kg2 Kxe6 34. Ra6+ Kf5 35. g4+ Kg5 36. h4+ Kxg4 37. Rxg6+ Kxh4 38. Rxh6+ Kg5 39.
Re6 Kf5 40. Rxe7 Rb2 1/2-1/2

[Event "Welsh Chess Championship 2016"]
[Site "Cardiff"]
[Date "2016.03.27"]
[Round "5.11"]
[White "Tomboline, David"]
[Black "Bevan, Peter M"]
[Result "1-0"]
[WhiteElo "1934"]
[BlackElo "1999"]
[PlyCount "45"]
[EventDate "2016.03.25"]
[EventType "swiss"]
[EventRounds "7"]
[EventCountry "WLS"]

1. d4 Nf6 2. Bf4 g6 3. e3 Bg7 4. h3 d6 5. Nf3 O-O 6. Be2 c5 7. dxc5 Qc7 8. c3
Qxc5 9. O-O Be6 10. Nbd2 h6 11. Nd4 Bd5 12. N4b3 Qc7 13. Bf3 e5 14. Bh2 Bc6 15.
Bxc6 Nxc6 16. e4 a5 17. a4 Rad8 18. Qe2 d5 19. Rfd1 Qb6 20. Qb5 Qa7 21. Nc5 Rd6
22. Nc4 Re6 23. exd5 1-0

[Event "Welsh Chess Championship 2016"]
[Site "Cardiff"]
[Date "2016.03.27"]
[Round "5.13"]
[White "Shakespeare, John"]
[Black "Waterfield, John W"]
[Result "1/2-1/2"]
[WhiteElo "1948"]
[BlackElo "1912"]
[PlyCount "88"]
[EventDate "2016.03.25"]
[EventType "swiss"]
[EventRounds "7"]
[EventCountry "WLS"]

1. d4 Nf6 2. Nf3 c5 3. d5 g6 4. Nc3 d6 5. e4 Bg7 6. h3 O-O 7. Be2 b5 8. Nd2 b4
9. Ncb1 e6 10. c4 bxc3 11. Nxc3 exd5 12. exd5 Nbd7 13. Nc4 Nb6 14. O-O Ba6 15.
Ne3 Bxe2 16. Nxe2 Qe7 17. Nc3 Rfe8 18. a4 Ne4 19. Nxe4 Qxe4 20. a5 Nc4 21. Ra4
Nxe3 22. Bxe3 Qe7 23. Qd2 Rab8 24. b4 Qd7 25. Qc2 cxb4 26. Qc6 Re7 27. Bd2 Qxc6
28. dxc6 b3 29. Rb4 Rxb4 30. Bxb4 Rc7 31. Rb1 b2 32. Ba3 Rxc6 33. Bxb2 Bxb2 34.
Rxb2 Rc5 35. Rb8+ Kg7 36. Rd8 d5 37. a6 Ra5 38. Rd6 Kf8 39. Kf1 Ke7 40. Rc6 Kd7
41. Rf6 Ke7 42. Rc6 Ra1+ 43. Ke2 Ra2+ 44. Ke1 Kd7 1/2-1/2

[Event "Welsh Chess Championship 2016"]
[Site "Cardiff"]
[Date "2016.03.27"]
[Round "5.14"]
[White "Robinson, David"]
[Black "Evans, Nicholas Thomas"]
[Result "1-0"]
[WhiteElo "1903"]
[BlackElo "1876"]
[PlyCount "111"]
[EventDate "2016.03.25"]
[EventType "swiss"]
[EventRounds "7"]
[EventCountry "WLS"]

1. d4 d5 2. Nf3 Nf6 3. Bf4 c5 4. e3 Nc6 5. c3 Qb6 6. Qc1 Bf5 7. Nbd2 e6 8. Be2
Rc8 9. a3 c4 10. Nh4 Bg6 11. Nxg6 hxg6 12. h3 Na5 13. Qc2 Bd6 14. Qa4+ Ke7 15.
Bxd6+ Kxd6 16. Qc2 Ke7 17. Bf3 Nc6 18. e4 Kf8 19. exd5 exd5 20. O-O Qc7 21.
Rfe1 Qf4 22. Re3 Qf5 23. Qd1 Kg8 24. Nf1 Kh7 25. Qd2 Rhe8 26. Rae1 Qd7 27. R1e2
Red8 28. Re1 Kg8 29. R3e2 b5 30. Qg5 Qf5 31. Qg3 Qd7 32. Ne3 Qd6 33. Qg5 Nh7
34. Qh4 Qf6 35. Qg3 Qg5 36. Qxg5 Nxg5 37. Bxd5 Ne7 38. Bb7 Rb8 39. h4 Ne6 40.
Be4 Nf4 41. Rd2 f5 42. Bb1 Ned5 43. Nxd5 Nxd5 44. Rde2 Rbc8 45. Re6 a5 46. Rxg6
Re8 47. Rge6 Rxe6 48. Rxe6 b4 49. axb4 axb4 50. Bxf5 bxc3 51. bxc3 Ra8 52. Rc6
Nxc3 53. Be6+ Kf8 54. Bxc4 Rd8 55. Ba6 Ne4 56. Rc8 1-0

[Event "Welsh Chess Championship 2016"]
[Site "Cardiff"]
[Date "2016.03.27"]
[Round "5.15"]
[White "Staniforth, Matthew"]
[Black "Camp, Syringa Lyn"]
[Result "1-0"]
[WhiteElo "1857"]
[BlackElo "1681"]
[PlyCount "97"]
[EventDate "2016.03.25"]
[EventType "swiss"]
[EventRounds "7"]
[EventCountry "WLS"]

1. d4 g6 2. e4 Bg7 3. Nc3 e6 4. f4 Ne7 5. Be3 d5 6. e5 Nd7 7. Nf3 a6 8. Bd3 b5
9. O-O Nb6 10. b3 b4 11. Ne2 Bb7 12. Qd2 a5 13. a3 bxa3 14. Rxa3 a4 15. Rfa1
axb3 16. Rxa8 Bxa8 17. cxb3 O-O 18. g4 Qd7 19. Ng3 Rb8 20. Nh4 Qc8 21. f5 Nd7
22. f6 Nxf6 23. exf6 Bxf6 24. g5 Bg7 25. b4 e5 26. Nf3 e4 27. Ba6 Bb7 28. Bxb7
Qxb7 29. Ne5 Bxe5 30. dxe5 Ra8 31. Rxa8+ Qxa8 32. Qc3 c6 33. e6 Qa4 34. Qf6
Qd1+ 35. Kf2 Qf3+ 36. Qxf3 exf3 37. exf7+ Kxf7 38. Kxf3 Ke6 39. Bc5 Nf5 40.
Nxf5 Kxf5 41. Be7 Ke6 42. Bf6 h5 43. Kf4 Kd6 44. Bg7 Ke6 45. Bf8 Kf7 46. Bd6
Ke6 47. Bc5 d4 48. Bxd4 Kd5 49. Bc5 1-0

[Event "Welsh Chess Championship 2016"]
[Site "Cardiff"]
[Date "2016.03.27"]
[Round "5.16"]
[White "Kelly, Paul J"]
[Black "Turner, Joseph David"]
[Result "0-1"]
[WhiteElo "1857"]
[BlackElo "1894"]
[PlyCount "92"]
[EventDate "2016.03.25"]
[EventType "swiss"]
[EventRounds "7"]
[EventCountry "WLS"]

1. e4 e5 2. Nf3 d5 3. exd5 Bd6 4. c4 Nf6 5. Nc3 O-O 6. d3 h6 7. Be2 Re8 8. Qc2
Qe7 9. Nd2 a6 10. a4 a5 11. Nde4 Nh7 12. Nxd6 cxd6 13. b3 f5 14. f3 Na6 15. Ba3
b6 16. Nb5 Nc5 17. Bxc5 bxc5 18. O-O-O Ba6 19. g3 Bxb5 20. axb5 Nf6 21. Kb2 Nd7
22. Ra1 Nb6 23. Ra3 e4 24. fxe4 fxe4 25. Rha1 Qf6+ 26. Ka2 e3 27. Rf1 Qg5 28.
Qc3 Qe7 29. Kb2 a4 30. b4 Nd7 31. d4 Qe4 32. dxc5 Qg2 33. Qe1 dxc5 34. bxc5
Nxc5 35. Rf3 Nb3 36. Kc3 Qxh2 37. Ra2 Nd2 38. Rf4 Ne4+ 39. Kd4 Nxg3 40. Rf3
Nxe2+ 41. Rxe2 Qe5+ 42. Kd3 Qe4+ 43. Kc3 Qxf3 44. b6 Qf6+ 45. Kb4 Qxb6+ 46. Kc3
Qf6+ 0-1

[Event "Welsh Chess Championship 2016"]
[Site "Cardiff"]
[Date "2016.03.28"]
[Round "6.1"]
[White "Brown, Thomas"]
[Black "Zeidler, Sven P."]
[Result "0-1"]
[WhiteElo "2093"]
[BlackElo "2190"]
[PlyCount "70"]
[EventDate "2016.03.25"]
[EventType "swiss"]
[EventRounds "7"]
[EventCountry "WLS"]

1. d4 f5 2. Nf3 Nf6 3. c4 g6 4. Nc3 Bg7 5. e3 d6 6. Be2 O-O 7. O-O Nc6 8. Rb1
e5 9. dxe5 dxe5 10. b4 e4 11. Nd4 Nxb4 12. Rxb4 c5 13. Rb1 cxd4 14. exd4 Ne8
15. Nd5 Nc7 16. Nxc7 Qxc7 17. f4 a6 18. Be3 Rd8 19. d5 Bf8 20. Qd4 b5 21. cxb5
axb5 22. Rfc1 Qd6 23. Bxb5 Bb7 24. Bc6 Bxc6 25. Rxc6 (25. dxc6 Qxd4 26. Bxd4
Rxd4 27. c7) 25... Qxd5 26. Qxd5+ Rxd5 27. h3 Rd3 28. Bf2 Bd6 29. g3 Rxa2 30.
Rc8+ Kf7 31. Rb7+ Kf6 32. g4 Rd1+ 33. Kg2 fxg4 34. hxg4 e3 35. g5+ Kf5 0-1

[Event "Welsh Chess Championship 2016"]
[Site "Cardiff"]
[Date "2016.03.28"]
[Round "6.2"]
[White "Kett, Tim"]
[Black "Jameson, David"]
[Result "1-0"]
[WhiteElo "2180"]
[BlackElo "2103"]
[PlyCount "73"]
[EventDate "2016.03.25"]
[EventType "swiss"]
[EventRounds "7"]
[EventCountry "WLS"]

1. Nf3 d5 2. g3 Nf6 3. Bg2 c5 4. O-O Nc6 5. d4 Bf5 6. c4 dxc4 7. Qa4 cxd4 8.
Nxd4 Qxd4 9. Bxc6+ Bd7 10. Rd1 Qxd1+ 11. Qxd1 Bxc6 12. Nd2 Rd8 13. Qc2 e6 14.
Nxc4 Be7 15. Ne5 Rc8 16. Nxc6 Rxc6 17. Qb3 Rc7 18. Qa4+ Rd7 19. Bg5 Nd5 20.
Bxe7 Nxe7 21. Rd1 Nc6 22. Rxd7 Kxd7 23. b4 a6 24. b5 axb5 25. Qxb5 Kc7 26. Qg5
g6 27. Qf6 Rf8 28. Qg7 Re8 29. Qxh7 Re7 30. Qg7 e5 31. Qf6 Kd7 32. h4 Ke8 33.
g4 Rd7 34. h5 gxh5 35. gxh5 Kf8 36. h6 Kg8 37. Qg7# 1-0